000 01240cab a2200445 4500
001 ABS55951
008 090401t1996 xxu||||| |||| 00| 0 eng d
035 _a(Sirsi) u20059
041 _aeng
245 _aFocus `96: M25 junctions 1 to 7
260 _c1996
350 _a0
490 _aEstates Gazette
_v(9640) 5 October 1996, 103-124(12)
650 _aAIRPORT RETAILING
650 _aAIRPORT SHOPS
650 _aBLUEWATER SHOPPING CENTRE
650 _aBROMLEY
650 _aCHURCHILL INSURANCE
650 _aCOLORCON
650 _aCOUNTY MALL
650 _aCRAWLEY
650 _aCROSSWAYS BUSINESS PARK
650 _aCROYDON
650 _aDARTFORD
650 _aDRUMMOND SHOPPING CENTRE
650 _aGATWICK AIRPORT
650 _aGLADES SHOPPING CENTRE
650 _aINDUSTRIAL MARKET
650 _aLEISURE DEVELOPMENT
650 _aM25 CORRIDOR
650 _aOFFICE DEVELOPMENT
650 _aORPINGTON
650 _aPROPERTY-COMMERCIAL PROPERTY-RETAIL PROPERTY-RETAIL PROPERTY MARKET
650 _aSHOPPING CENTRES
650 _aWESTMORELAND PLACE
650 _aWHITGIFT CENTRE
690 _aPROPERTY-COMMERCIAL PROPERTY-COMMERCIAL PROPERTY MARKET
942 _n0
948 _c04/03/1997
999 _c13439
_d13439